000 01265nam a2200325Ia 4500
001 ebr10686951
003 CaPaEBR
006 m u
007 cr cn|||||||||
008 121205t20132013mau sb 001 0 eng d
010 _z 2012036420
020 _z9780262313919
020 _z9780262018869 (hardcover : alk. paper)
040 _aCaPaEBR
_cCaPaEBR
035 _a(OCoLC)836864194
050 1 4 _aQP360.5
_b.M535 2013eb
082 0 4 _a612.8/233
_223
100 1 _aMilkowski, Marcin.
245 1 0 _aExplaining the computational mind
_h[electronic resource] /
_cMarcin Milkowski.
260 _aCambrid, Massachusetts :
_bMIT Press,
_cc2013.
300 _ax, 243 p.
504 _aIncludes bibliographical references (p. 209-232) and index.
533 _aElectronic reproduction.
_bPalo Alto, Calif. :
_cebrary,
_d2013.
_nAvailable via World Wide Web.
_nAccess may be limited to ebrary affiliated libraries.
650 0 _aCognitive neuroscience
_xData processing.
650 0 _aComputational neuroscience.
650 0 _aComputational complexity.
655 7 _aElectronic books.
_2local
710 2 _aebrary, Inc.
856 4 0 _uhttp://site.ebrary.com/lib/rucke/Doc?id=10686951
_zAn electronic book accessible through the World Wide Web; click to view
999 _c12549
_d12549